000 00575nam a22002057a 4500
999 _c6278
_d6278
003 OSt
005 20190830124843.0
008 190830b ||||| |||| 00| 0 eng d
020 _a9780077145620
040 _cDDC658.3
082 _a658.3 BOS 2014
100 _aBoselie, Paul
_912894
245 _aStrategic Human Resource Management : a balanced approach
250 _a2nd ed.
260 _aUK;
_bMcGraw-hill,
_c2014
300 _axxiv,299p;
_bcol.ill:
_c25cm
504 _aReferences, & index included
650 _aHuman resource management
_95317
942 _2z
_cB_BANK